| 000 | 02848nam0a22005291 4500 | ||
|---|---|---|---|
| 001 | RU\NLR\A1\11696 | ||
| 005 | 20251203152403.2 | ||
| 035 | _a(NLR Aleph) 009674482 | ||
| 090 |
_a9676626 _c9676626 |
||
| 100 | _a19990424d1770 u y0rusy50 ca | ||
| 101 | 1 |
_arus _clat |
|
| 102 | _aRU | ||
| 135 | _acrcn 024anaba | ||
| 200 | 1 |
_aМарка Антония Мурета, пресвит: юрисконсульта и гражданина римскаго, Отроческое наставление, _eданное племяннику его М. Антонию Мурету в 1578 году. _fПеревел с латинских стихов на российские переводчик Василей Рубан |
|
| 210 |
_aВ Санктпетербурге _c[Тип. Мор. кадет. корпуса] _d1770 |
||
| 215 |
_a[12] c. _d8° |
||
| 300 | _aНа с.[3] посвящ. пер. А.В.Орлову | ||
| 300 | _aВ пер. И.Е.Срезневского "Отроческое наставление" напечатано в кн. "Плачь Публия Овидия Назона" (М., 1795) | ||
| 316 |
_aЭкз. РНБ (18.276.3.552). Размер: 18,6х11,4х0,2 см _5NLR: 18.276.3.552 |
||
| 321 | 1 | _aСК XVIII 4408 | |
| 325 | _aКопия доступна в Электрон. б-ке РНБ | ||
| 517 | 1 | _aОтроческое наставление | |
| 620 | _dСанкт-Петербург | ||
| 700 | 1 |
_4070 _7ca _8rus _aМурет _bМ. А. _f1526-1585 _gМарк Антоний _9258540 _3RU\NLR\AUTH\770258596 |
|
| 700 | 1 |
_6z01700 _aMuret _bM. A. _f1526-1585 _gMarc Antoine _7ba |
|
| 702 | 1 |
_4730 _7ca _8rus _aРубан _bВ. Г. _f1742-1795 _gВасилий Григорьевич _9159632 _3RU\NLR\AUTH\770159673 |
|
| 702 | 1 |
_4570 _7ca _8rus _aСрезневский _bИ. Е. _f1770-1819 _gИван Евсеевич _9232220 _3RU\NLR\AUTH\770232276 |
|
| 702 | 1 |
_aОрлов _bА. В. _gАлександр Владимирович _4280 |
|
| 712 | 0 | 2 |
_aМорской кадетский корпус _bТипография _cСанкт-Петербург _4610 |
| 801 | 0 |
_aRU _bNLR _c19990424 |
|
| 852 |
_aNLR _j18.276.3.552 |
||
| 856 | 0 | _uhttp://vivaldi.nlr.ru/bx000016717/view | |
| 856 | 1 | _uhttp://vivaldi.nlr.ru/bx000016717/cover | |
| 856 | 2 | _uhttp://vivaldi.nlr.ru/bx000016717/text | |
| 899 | _aРГБ | ||
| 899 | _aБАН | ||
| 899 | _aКостОУНБ | ||
| 942 | _cBOOK | ||
| 980 | _aNB | ||
| 980 | 3 | _akpcivil | |
| 980 | 3 | _akp | |
| 980 | _aA1XVIIIv | ||
| 981 | 2 | 0 |
_a(20) Книжные памятники РНБ _b(20) Русский книжный фонд |